| 000 | 00598nam a2200193 i 4500 | ||
|---|---|---|---|
| 001 | 128474 | ||
| 003 | ES-MaACL | ||
| 005 | 20251015063129.0 | ||
| 007 | t| | ||
| 008 | 070514s1945 ag ||||1| spa d | ||
| 080 | _a82.09 | ||
| 100 | 1 |
_aTaine, Hippolyte, _d1828-1893 _9109085 |
|
| 245 | 1 | 0 |
_aHistoria de la literatura inglesa / _cHipólito Taine ; [Traducción del francés por José de Casa]. |
| 260 |
_aBuenos Aires : _bAméricalee, _c[1945] |
||
| 300 |
_a908 p. ; _c24 cm. |
||
| 700 | 1 |
_aCaso, José de. _936323 |
|
| 852 |
_aES-MaACL _jC-3882 _bR.23560 |
||
| 999 |
_c128474 _d128474 |
||